[Event "Euwe intern 2007-2008"]
[Site "?"]
[Date "2008.02.21"]
[Round "2.6"]
[White "Salomons, Rik"]
[Black "Witt, Rob"]
[Result "0-1"]
[WhiteElo "2035"]
[BlackElo "2252"]
[Annotator "Witt"]
[PlyCount "64"]
[EventDate "2008.??.??"]

{Het is onbegrijpelijk hoe je soms partijen in de interne wint (en verliest).
Na 12 zetten sta ik positioneel volkomen aangekrant. Riks voornaamste probleem
is alleen nog maar dat hij voortdurend moet kiezen uit diverse goede zetten.
Op een gegeven moment denkt Rik dat het uit is, maar hij wordt geconfronteerd
met een onverwachte zet. Dat had me niet mogen helpen, maar het stellingsbeeld
verandert volkomen en Rik wordt kennelijk onzeker. Hij blundert niet zozeer,
maar doet een paar keer een mindere zet en van gewonnen wordt het beter, iets
beter, onduidelijk, iets minder en uiteindelijk trekt Rik het niet meer.} 1. d4
d5 2. c4 c6 3. Nf3 Nf6 4. Nc3 {2'} dxc4 {5' Ik geloof dat ik dit klassieke
Slavisch nooit eerder heb gespeeld.} 5. a4 Bf5 6. Ne5 (6. e3 e6 7. Bxc4 Bb4 8.
O-O {deden ze al in de tijd van Aljechin en Euwe.}) (6. Nh4 {heb ik zelf wel
eens gespeeld.}) 6... Nbd7 ({Het alternatief} 6... e6 7. f3 Bb4 8. e4 Bxe4 9.
fxe4 Nxe4 10. Bd2 Qxd4 11. Nxe4 Qxe4+ 12. Qe2 Bxd2+ 13. Kxd2 Qd5+ 14. Kc2 {
zou ik noch met wit noch met zwart willen spelen.}) 7. Nxc4 Nb6 {6' De rustige
voortzetting.} ({Na het scherpe} 7... Qc7 8. g3 e5 9. dxe5 Nxe5 10. Bf4 Nfd7
11. Bg2 g5 {breekt de hel los.}) 8. Ne5 a5 9. f3 {6'} (9. g3 {en}) (9. Bg5 {
zijn belangrijke alternatieven.}) 9... e6 $2 {ik zat nog niet lekker op mijn
stoel.} ({De normale zet is} 9... Nfd7 {met respectabele resultaten zoals o.a.
lieden als Sokolov, Anand en Kasparov hebben laten zien.}) 10. e4 Bg6 11. Be3 {
8'} Bb4 {7' Terwijl Rik zat na te denken, realiseerde ik me dat er iets mis
was en begon ik me af te vragen wat ik in godsnaam op h4 zou moeten doen.} 12.
h4 {12' En ja hoor, daar is ie. Tot mijn verbazing blijkt de zet nieuw te zijn.
Terwijl ik onder de witspelers toch bekende namen zie als Van der Sterren,
Gelfand en Dorfman. Bekend waren nog} (12. Be2 Nfd7) (12. Qb3 Nfd7) 12... h5 $2
{30' Na bijna 25' vruchteloos piekeren en mezelf vervloeken, weet ik niks
beters te verzinnen. Ik zag werkelijk niks speelbaars. Toen ik opstond hoorde
ik Piet van der Weide tegen Nirav zeggen dat h5 natuurlijk een rotzet is en
dat ik Lxe4 had moeten proberen. Dat eerste klopt natuurlijk, maar het tweede
betwijfel ik.} (12... Bxe4 $2 13. fxe4 Nxe4 14. Qd3 (14. Qf3 $5) 14... f5 15.
h5 Nd5 16. Bd2 {en ik zie niet wat zwart heeft voor zijn stuk, behalve dan
twee pionnen.}) (12... Nbd7 {leek me ook niks na} 13. g4 ({Rybka geeft de
voorkeur aan} 13. Nxg6 hxg6 14. Kf2 $14) 13... Nxe4 14. fxe4 Bxe4 15. Rh2 O-O
16. Kf2 Nxe5 17. dxe5 Bd5 {en ik zie geen compensatie al vinden de computers
het meevallen.}) ({De eerste keus van Rybka/Fritz is} 12... O-O {wat ik wel
overwogen heb, maar ik zag er vanaf wegens opnieuw} 13. g4 ({Rybka doet} 13.
Qb3 $14) 13... Nxe4 14. fxe4 Bxe4 15. Rh3 f5 {met onduidelijk spel volgens
Rybka. Het is allemaal te moeilijk voor mij en begrijpen doe ik het ook niet.})
13. Nxg6 fxg6 14. Qc2 {23' Alles is natuurlijk goed. Ik besefte dat ik
verloren stond, maar besloot me zo taai mogelijk te verdedigen. Er waren
diverse goede alternatieven.} (14. Bd3 $5) (14. Qb3 $5) 14... Ng8 {Mijn
voornaamste zorg was pion g6.} ({Misschien was} 14... O-O {relatief nog het
beste.}) 15. O-O-O {Wit nog 58'. Ook hier waren goede alternatieven.} (15. Bd3)
15... Ne7 {Zwart nog 49'.} 16. Qb3 {54'} (16. Ne2 $5) 16... Kf7 $6 {43'} (16...
Qd6) 17. Ne2 $1 {53'} Nd7 {39' En nu was mijn voornaamste zorg mijn pion op e6.
} (17... Bd6) 18. Nf4 {50'} Nf8 19. Bc4 {48' Fritz geeft inmiddels ruim +3} Qc8
20. Nh3 $6 {Rik dacht hier dat het helemaal uit was.} ({Na de partij stelden
we vast dat rustig} 20. Kb1 $1 $18 {het beste was geweest.}) 20... Nd5 $1 {
37' Deze onverwachte zet had niet mogen helpen, maar Rik werd er door uit zijn
evenwicht gebracht.} 21. Bxd5 {39' Ik vond dit tijdens de partij een
onbegrijpelijke zet, maar wit blijft beter staan al is het voordeel wel gezakt
naar ruim +1.} ({Zelf dacht ik aan} 21. Kb1 Nxe3 22. Qxe3 {Rik dacht dat dit
ongeveer gelijk is, maar zwart heeft nog steeds grote problemen.} Be7 (22... b5
23. Ng5+) 23. Bb3) ({of} 21. Bd2 $5) (21. Bf2 $5 {en}) (21. Ng5+ {zijn ook
allemaal zetten die het overwegen waard zijn. Ik denk dat Rik meer tijd had
moeten uittrekken voor deze stelling. Dat is altijd verstandig als je met een
onverwachte zet geconfronteerd wordt.}) 21... cxd5+ 22. Kb1 Qd7 ({Rybka/Fritz
doen liever} 22... Qc4 {een zet die ik geheel niet overwogen heb. Het lijkt me
ook vrij kansloos na bijv.} 23. Qxc4 dxc4 24. Rc1 Rc8 25. Ng5+ Ke7 26. Rc2 Nd7
27. Rhc1) 23. Rc1 {33'} (23. Nf4 $16 {kon ook.}) 23... Nh7 $1 {33'} ({Beter dan
} 23... b5 {Ik moet zo snel mogelijk Th8 in het spel krijgen.}) 24. exd5 $6 {
29'} ({Rik liet} 24. Nf4 $5 {na wegens} Nf6 $2 {maar dan volgt sterk} 25. Nd3
$1) 24... exd5 25. Bg5 $6 {Rik wil Pf4 spelen zonder dat zwart Pf6 heeft.} ({
beter is} 25. Nf4 Rhd8 26. Nd3 ({of} 26. Rc2 $5 Nf6 27. Rhc1 $16) ({of} 26. Qd3
$5) 26... Kg8 27. Ne5 Qf5+ 28. Ka1 Nf6 29. Bg5 $16) ({of} 25. Bf4 $5 {wat we
na de partij goed vonden.}) 25... Rac8 {30'} 26. Ka2 {28' Om wendigen met Df5+
eruit te halen.} ({Opnieuw kwam} 26. Bf4 $5 $14 {in aanmerking.}) 26... Rhe8 {
22'} (26... Nxg5 $5 27. Nxg5+ Kf6) 27. Rxc8 $2 {26' Hiermee geeft Rik
definitief zijn voordeel uit handen.} ({Goed was nog steeds} 27. Nf4 {maar Rik
was bang dat ik iets met Ld2 had. Dat blijkt niet het geval. Wij vonden
achteraf bijv.} Nxg5 (27... Bd2 28. Rxc8 Rxc8 29. Nxd5 $18) 28. hxg5 Rxc1 $6 ({
Noodzakelijk is} 28... Rcd8 {maar na} 29. Qc2 {heeft zwart nog steeds
problemen.}) 29. Rxc1 Bd2 $2 30. Rc7 $1 {met damewinst of mat.}) 27... Rxc8 28.
Nf4 $2 ({Na} 28. Rc1 {staat het ongeveer gelijk.}) 28... Nxg5 {20'} 29. hxg5
Rc4 $1 {Deze verdediging van pion d5 had Rik totaal overzien. Inmiddels staat
zwart beter.} 30. Nd3 $2 {23' Opnieuw reageert Rik te snel op een zet die hij
overzien heeft. Hij zit er duidelijk doorheen.} ({Als hij de tijd genomen had,
zou hij wel gekomen zijn op} 30. Qd3 $1 {want alleen Rybka vindt dan het
ongelofelijke} Qc6 $3 ({Ik en ieder ander zou natuurlijk} 30... Qxa4+ {
gespeeld hebben. Het is niet te geloven, maar deze normaalzet geeft
waarschijnlijk het voordeel grotendeels weg!} 31. Kb1 Qc6 32. g4 $1 {Ik moet
dan kiezen tussen} h4 {wat het meest logisch lijkt} ({of} 32... Qd6 {maar dat
levert ook niks op na} 33. Qe3 Qe7 34. Qxe7+ Bxe7 35. gxh5 Bxg5 36. hxg6+ Kf6
37. Nxd5+ Kxg6 $13) ({Vooral niet} 32... hxg4 $2 {en wit staat plotseling weer
beter na} 33. fxg4 Be7 34. Rf1) 33. Qe3 Be7 34. Nd3 Bd6 35. Ne5+ Bxe5 36. Qxe5
{en ook hier is de stelling onduidelijk.}) 31. g4 h4 32. Rxh4 ({Omdat de witte
koning nu nog op a2 staat volgt op} 32. Qe3 {het geniale} Bc5 $3 {en wit heeft
niet beter dan} 33. Qe6+ (33. dxc5 $2 Qxa4+ 34. Qa3 Qc2 $19) (33. Kb1 Bxd4 34.
Qd2 Bxb2 $19 {want op} 35. Qxd5+ {wint zwart met} Qxd5 36. Nxd5 Rc1+ $1 37.
Rxc1 Bxc1) 33... Qxe6 34. Nxe6 Be7 35. b3 Rc2+ 36. Kb1 Rc3 37. Nc5 Rxf3 38.
Rxh4 Bxg5 39. Rh8 b6 40. Nd7 Rxb3+ 41. Kc2 Rb4 $19) 32... Be7 {met groot
voordeel, bijv.} 33. Rh8 Bxg5 34. Ne2 ({Grappig is de mogelijkheid} 34. Qa3 {
dreigt Tf8 mat!} Be7 35. Qd3 Qxa4+ 36. Kb1 Qc6 $17) 34... Qxa4+ 35. Kb1 Qb4 $17
) 30... Bd6 31. Rc1 $2 {22' Ook geen beste.} (31. Kb1 Rxd4 32. g4 Kg8 {en wit
kan niet op h5 slaan.} 33. gxh5 $2 Qf5 34. Kc2 Rb4 $1 $19) 31... Qxa4+ 32. Qxa4
Rxa4+ {en Rik gaf op. Een beetje beduusd door de onverwachte gebeurtenissen
liepen we naar de bar.} 0-1

[Event "Euwe intern 2007-2008"]
[Site "?"]
[Date "2008.03.06"]
[Round "2.8"]
[White "Moll, Arne"]
[Black "Witt, Rob"]
[Result "1-0"]
[WhiteElo "2238"]
[BlackElo "2252"]
[Annotator "Witt/Moll"]
[PlyCount "43"]
[EventDate "2008.??.??"]

1. e4 e6 2. d4 d5 3. Nc3 Nf6 4. Bg5 Be7 5. Bxf6 {Dit kwam als een verrassing.
Ik dacht dat Arne de Chatard-Aljechin speelde. Na afloop vertelde Arne dat hij
dit had voorbereid tegen BSG. Een beetje pech dus, want ik had voor hetzelfde
geld een andere variant kunnen spelen.} (5. e5 Nfd7 6. h4) 5... Bxf6 6. Nf3 {
1' Hier ben ik al "out of book". Arne: ik in feite ook. Het enige wat ik
onthouden had is dat zwart met dxe4 kan overgaan naar bekende stellingen, en
dat 0-0 gevaarlijk is wegens 'ooit' Lxh7+.} (6. e5 Be7 7. Qg4 O-O 8. Bd3 c5 (
8... f5)) 6... O-O {6' Volgens Arne is dit riskant. In mijn database is het de
meest gespeelde zet, maar wit scoort wel 56%.} ({Met} 6... c5 {scoort zwart
meer dan 50%, maar misschien ligt dat niet aan de zet, maar aan het feit dat
de zwartspelers wat sterker waren.}) 7. e5 {2'} (7. Bd3 c5 8. e5 Be7 9. h4) (7.
h4) (7. Qd2) 7... Be7 8. Bd3 c5 {19' Deze zet kostte me veel tijd. Maar het
blijkt de beste te zijn.} ({Het alternatief was} 8... f5) 9. h4 {4' Ik had
niet anders verwacht.} f5 {A tempo gespeeld. Wit dreigde immers te winnen met
Lxh7+.} ({Opmerkelijk echter is dat zowel Rybka als Fritz} 9... cxd4 {
aanbevelen en daarna allerlei paardzetten doen die iets beter voor zwart
uitpakken. Is het loperoffer echt niet goed?} 10. Bxh7+ ({Arne: Interessant is
ook gewoon} 10. Nxd4 {met de bedoeling Dh5, bijv.} Nc6 11. Qh5 g6 12. Nxc6 bxc6
13. Qh6 $5 {gevolgd door f4 en h5, met aanval.}) 10... Kxh7 11. Ng5+ Kh6 $1 12.
Qxd4 {wat anders?} ({Arne: een andere poging is} 12. Qc1 {bijv.} Bxg5 (12...
Kg6 13. Ne2) (12... dxc3 13. Nxf7+ Kh7 14. Nxd8 cxb2 15. Qxb2 {is denk ik toch
wel OK voor wit.}) 13. hxg5+ Kg6 14. Ne2 Rh8 15. Nf4+ Kf5 16. Nh5 Rxh5 17. Rxh5
{en wit krijgt een gevaarlijke aanval.}) 12... g6 ({Ook} 12... f6 {zou iets
beters voor zwart zijn.}) 13. Nf3 (13. O-O-O) (13. Qf4 {zijn ook waard om
bekeken te worden.}) 13... Nc6 14. Qf4+ Kh7 $1 15. h5 g5 16. Qg3 Qc7 17. O-O-O
Rg8 {en wit heeft niks. Nadere analyses zullen moeten uitwijzen of het
loperoffer inderdaad niet goed is, want dan zou de hele witte opzet niet
deugen.}) 10. exf6 (10. dxc5 Bxc5 11. Qd2 Nc6 12. a3 a6 13. b4 Ba7 14. Qf4 Qc7
15. O-O Nxe5 16. Qxe5 Qxe5 17. Nxe5 Bd4 18. Nxd5 exd5 19. Rae1 {1/2-1/2 Runic 
(2447)-Rogulj (2454) Neum 2002}) 10... gxf6 {Ik heb niet over alternatieven
nagedacht.} (10... Rxf6 $5 {oogt vreemd, maar is misschien helemaal niet
slecht.}) (10... Bxf6 {zou toch moeten falen op het loperoffer} 11. Bxh7+ Kxh7
12. Ng5+ Kh6 13. Qd3 Bxg5 14. hxg5+ Kxg5 {Dit ziet er absurd uit. Ik heb
echter geen winst voor wit kunnen vinden. Arne: winst zit er misschien niet in,
maar het blijft levensgevaarlijk voor zwart na bijv.} 15. Qg3+ Kf6 16. Rh7 Rg8
17. O-O-O $5 {en ik zou de stelling niet graag met zwart willen verdedigen.} (
17. dxc5)) 11. Ng5 {14' Opnieuw had ik niet anders verwacht, maar de zet
blijkt nieuw te zijn.} ({Bekend was nog} 11. Qd2 Rf7 12. dxc5 Bxc5 13. O-O-O
Qa5 $6 14. Qh6 Bxf2 $2 (14... Nc6 15. Rh3 Bd6 16. Nb5 $1 Bf8 (16... Bb8 17. Ng5
$1 Bf4+ 18. Kb1 f5 19. Rf3 Bxg5 20. Rg3 Rg7 21. Rxg5 Rxg5 22. Qxg5+ Kh8 23.
Qf6+ Kg8 24. Nd6 Qc7 25. Nxc8 Qxc8 26. Bxf5 exf5 27. Rd3 $18) 17. Rg3+ Kh8 18.
Qh5 Re7 19. Nd6 Qc7 20. Ne8 Qf4+ 21. Kb1 Qh6 22. Qxh6 Bxh6 23. Nxf6 $16) (14...
Bf8 15. Qh5 Nc6 $13) 15. Ng5 fxg5 16. hxg5 Be3+ 17. Kb1 Qc7 18. Rde1 (18. Rdf1
$1 $18) 18... Nc6 $2 19. Rxe3 Ne5 20. Rxe5 Qxe5 21. Bxh7+ Kh8 22. Bg6+ Kg8 23.
Bxf7+ Kxf7 24. Qh7+ {1-0 Pedersen (2375) - Grabow (2200) Vejle 1974}) 11...
fxg5 12. hxg5 {17'} ({Arne verwierp} 12. Bxh7+ {wegens} Kg7 {Toch is het niet
duidelijk of dit goed voor zwart is na bijv.} ({Arne: ik verwierp het trouwens
ook vanwege} 12... Kxh7 {maar ik had gemist dat wit na} 13. hxg5+ Kg7 {
natuurlijk niet Dh5 Th8 doet, maar} 14. Rh7+ Kxh7 15. Qh5+ Kg8 16. Qg6+ Kh8 {
met remise, en wit kan zelfs op winst spelen met} 17. Ke2 $5 Bxg5 18. Rh1+ Bh4
19. Qh6+ (19. g3 Rf5 20. Rxh4+ Qxh4 21. gxh4 Bd7) 19... Kg8 {al is het dan
alsnog remise, want} 20. Rxh4 $6 {gaat te ver na} Qxh4 21. Qxh4 Nc6 {en zwart
heeft de betere kansen.}) 13. Qd3 Qe8 (13... Rh8 14. Qg6+ Kf8 15. dxc5 $13) 14.
hxg5 Qf7 {tot hier had ik gekeken.} 15. f4 Bxg5 $1 {Die moet je nog maar
vinden.} 16. fxg5 Qf2+ 17. Kd1 Qxd4 {is de stelling onduidelijk.}) 12... Qe8 $2
{23' Ik had ook hier deze zet gepland, maar ik had langer moeten kijken.} ({
De juiste zet is} 12... Bxg5 $1 {Ik had dit in de vooruitberekening als te
riskant beoordeeld, maar nu had ik moeten rekenen.} 13. Qh5 Rf7 14. Bxh7+ Kf8
15. Bg6 Rg7 {Dit moet de cruciale stelling zijn voor de beoordeling van het
paardoffer.  Bijv.} 16. Rh3 Bf6 {En hier heeft wit allerlei mogelijkheden
zonder dat duidelijk is wat het beste is.} 17. dxc5 (17. O-O-O) (17. Rf3 $2
cxd4 18. Qh8+ ({Arne: beter is} 18. Nb5 $1 {en de aanval gaat verder, bijv.}
Ke7 19. Qh6 $1 (19. Rxf6 Qa5+ 20. b4 Qxb5) 19... Qf8 20. g4 $5 $44 {met
voortdurende waanzin.}) 18... Ke7 $19) 17... Nc6 18. Rf3 (18. O-O-O) 18... Ke7
19. O-O-O Qg8 {en de witte aanval lijkt afgeslagen.}) 13. Bxh7+ {32' Om de een
of andere reden had ik deze zet totaal niet verwacht. Achteraf hadden we ook
het idee dat de alternatieven sterker zijn. Arne: ik speelde deze zet vooral
omdat ik zag dat dit in elk geval niet verloor. Na een 'shaky' zet als Txh7
zou het immers zomaar kunnen dat er een winst voor zwart in zat...} (13. Rxh7
$5 Rf5 {Dit was ik van plan. We vonden echter} ({Arne: ik dacht dat} 13... Bxg5
$2 {de beste zet was, met de bedoeling} 14. Qg4 ({Zeer sterk is echter het
verrassende} 14. Rh5 $3 $18) 14... Rf5) 14. Bxf5 exf5 15. Qh5 Qxh5 16. Rxh5 {
goed voor wit.}) (13. Qg4 $5 {was de zet die ik eigenlijk verwachtte. En ook
daarop had ik gepland} Rf5 {maar opnieuw lijkt} 14. Bxf5 exf5 15. Qe2 {beter
voor wit.}) 13... Kg7 14. g6 $2 {Arne: opnieuw gespeeld om de vaart erin te
houden. Wit dreigt nu in elk geval wat, namelijk Dh5 en Dh6. Toch is de zet
slecht.} (14. Qg4 $1 $13) 14... Rf5 $1 {28' Arne: ik vraag me af of dit de
beste zet is. Nu krijgt wit altijd aanvalskansen.} ({Arne:} 14... Bg5 15. Ne2
Nd7 $1 16. Ng3 Nf6 {lijkt goed voor zwart.}) 15. g4 {41'} ({Interessant is ook
} 15. Ne2 $5 {bijv.} Nc6 16. Ng3 Nxd4 17. Nh5+ Rxh5 18. Qxh5 Qf8 19. Qh6+ Kh8
20. Qd2) 15... Rf4 $2 {Na afloop dachten we dat zwart na deze zet verloren
stond, maar misschien is dat niet zo.} ({Arne wees op} 15... Rg5 $1 {een zet
die ik geheel gemist had. We bekeken} 16. f4 {Er lijkt niets beters te zijn.}
Rxg6 17. Bxg6 ({Sterker lijkt echter} 17. g5 $1 {die we dacht ik niet serieus
bekeken hebben.} Nc6 18. dxc5 Bxc5 19. Qd2 e5 {Arne: als dit moet is er iets
misgegaan bij zwart.} 20. O-O-O {en misschien staat wit beter.}) 17... Qxg6 18.
Qf3 Nc6 {en zwart lijkt ok.}) 16. Ne2 {Over 46'} Rxg4 {Over 58'} ({Ik had ook
even gekeken naar} 16... Qf8 {maar verworpen wegens} 17. Ng3 {en ook in de
post-mortem keken we niet verder. Beiden misten we echter dat zwart nog kan
verder spelenmet} Kh8 $1 18. Nh5 Qh6 $5 ({Zwakker is} 18... Re4+ 19. Kf1 Rxd4
20. Qe2 Bf6 21. c3 $16) 19. Bg8 $5 Kxg8 20. Nf6+ Bxf6 21. Rxh6 Nc6 $13) 17. Ng3
{44'} Rxg3 {En hier misten we allebei een interessant alternatief} (17... Rh4
$5 {met als idee} 18. Nh5+ ({Grappig maar minder sterk is} 18. Qh5 $5) 18...
Kh6 {Het is om duizelig van te worden. Winnend lijkt nu echter} 19. Qf3 $5 Nc6
(19... Rxh1+ 20. Qxh1 Qd8 21. O-O-O Nc6 22. Rg1 $18) 20. O-O-O Nxd4 21. Rxd4 $1
cxd4 22. g7 $1 Kxh7 23. Rxh4 Qg6 24. Qf8 $1 {en wint.}) 18. fxg3 {43'} Bg5 $2 {
57' Hierna is het uit. Het is wel een beetje genant dat ik maar ruim een half
uurtje heb gebruikt.} ({De enig kans was} 18... Bf6 {en hoewel he t niet
helemaal duidelijk is, denk ik niet dat zwart het overleeft na bijv.} 19. Qh5
Qe7 20. O-O-O {Arne: dit overleeft zwart inderdaad niet. Rybka begint na een
minuutje of wat te ronken, bijv.} Nc6 21. Rdf1 Bd7 (21... Nxd4 22. Qh6+ Kh8 23.
g7+ Qxg7 24. Rxf6) 22. Qh6+ Kh8 23. Rxf6 Qxf6 24. Bg8+ Kxg8 25. Qh7+ Kf8 26.
g7+ Qxg7 27. Rf1+ $18) 19. Qh5 {42'} Qd8 {53'} ({Arne: Rybka komt nog
aanzetten met de grappige zet} 19... e5 $5 {Het helpt niet veel, maar het zijn
wel typisch van die zetten waar je even van schrikt. Het sterkst is} 20. O-O $1
$18 (20. Qxg5 exd4+ 21. Kf1 Qe3 {wint ook wel voor wit maar is nog even pielen.
})) 20. Bg8 $1 {40'} Qxg8 {48'} 21. Qxg5 Nc6 22. Rh7+ {39' Ik was hier
kennelijk flink in de bonen, want ik speelde hier Dg7xd4?!?!? Toen die dame
wat vreemd aanvoelde, zette ik hem maar weer netjes terug, verontschuldigde me
en feliciteerde Arne.} 1-0